| 000 | 01076cam a2200409 4500 | ||
|---|---|---|---|
| 001 | J104575 | ||
| 008 | 000000n1999 000 0 eng u | ||
| 035 | _a(Sirsi) u104575 | ||
| 050 | _a306.3120212 | ||
| 110 |
_aEuropean Mortgage Federation _93838 |
||
| 245 | _aHypostat 1988-1998 : mortgage and property markets in the European Union and Norway : comparison and trends. | ||
| 250 | _a5th ed. | ||
| 260 |
_aBrussels _bEuropean Mortgage Federation _c1999 |
||
| 300 | _aca.150p. ; 30cm. | ||
| 350 | _a250.00 EURO | ||
| 650 | _aMORTGAGES | ||
| 650 | _aEUROPE | ||
| 650 | _aSTATISTICS | ||
| 650 |
_aRESIDENTIAL PROPERTY _96266 |
||
| 650 | _aPROPERTY-COMMERCIAL PROPERTY | ||
| 650 | _aPROPERTY MARKETS | ||
| 650 | _aBELGIUM | ||
| 650 | _aDENMARK | ||
| 650 | _aGERMANY | ||
| 650 | _aGREECE | ||
| 650 | _aSPAIN | ||
| 650 | _aFRANCE | ||
| 650 | _aIRELAND | ||
| 650 | _aITALY | ||
| 650 | _aNETHERLANDS | ||
| 650 | _aAUSTRIA | ||
| 650 | _aPORTUGAL | ||
| 650 | _aSWEDEN | ||
| 650 | _aNORWAY | ||
| 690 | _aHOUSING-HOUSING FINANCE | ||
| 942 | _n0 | ||
| 999 |
_c100262 _d100262 |
||